Two Term Presidents- Sudden Death - Statistics

General Stats
  • This quiz has been taken 46 times
  • The average score is 12 of 22
Answers on the Grid
Answers color-coded by a green-red scale on the quiz's grid according to % correct below.
George Washington
John Adams
Thomas Jefferson
James Madison
James Monroe
John Quincy Adams
Andrew Jackson
Martin Van Buren
William Henry Harrison
John Tyler
James Polk
Zachary Taylor
Millard Fillmore
Franklin Pierce
James Buchanan
Abraham Lincoln
Andrew Johnson
Ulysses S. Grant
Rutherford B. Hayes
James Garfield
Chester A. Arthur
Grover Cleveland
Benjamin Harrison
William McKinley
Theodore Roosevelt
William H. Taft
Woodrow Wilson
Warren Harding
Calvin Cooledge
Herbert Hoover
Franklin D. Roosevelt
Harry S. Truman
Dwight D. Eisenhower
John F. Kennedy
Lyndon B. Johnson
Richard M. Nixon
Gerald Ford
Jimmy Carter
Ronald Regan
George H. W. Bush
Bill Clinton
George W. Bush
Barak Obama
Donald Trump
Joesph Biden
 
Answer Stats
Answer % Correct
George Washington
78%
Barak Obama
75%
Bill Clinton
73%
Donald Trump
73%
Thomas Jefferson
70%
George W. Bush
68%
Ronald Regan
65%
Theodore Roosevelt
65%
Dwight D. Eisenhower
60%
Franklin D. Roosevelt
58%
James Monroe
53%
Woodrow Wilson
53%
Grover Cleveland
50%
Harry S. Truman
50%
James Madison
48%
Abraham Lincoln
43%
Andrew Jackson
43%
Lyndon B. Johnson
38%
Ulysses S. Grant
38%
Richard M. Nixon
33%
William McKinley
25%
Calvin Cooledge
20%
No matching quizzes found
Score Distribution
Percent of People with Each Score
Percentile by Number Answered
Your Score History
You have not taken this quiz